00896nam a2200229 a 450000100100000000500170001000800410002704000250006808200180009310000300011124500800014126000350022130000210025650000440027750000270032165000220034870000330037004900090040395201160041295201210052899900170064900002142620200930011326.0100907s1970 ve r 000 e spa d aDO-SdBNPbspacBNPHU a335.83bM555a1 aMercier Vega, Luis94471310aAnarquismo, ayer y hoy /cLuis Mercier Vega; traducción, Pierre de Place. aCaracas :bMonte Avila,c1970. a184 p. ;c19 cm. aIncluye referencias al pie de páginas aIncluye bibliografía 4aAnarquismo9447141 aPlace, Pierre deetr.927562 aBNGR 001050718MOaGRbGRcCTd2010-09-07iLF1l0o335.83 M555ap21426-10r2020-06-25w2020-06-25y1ZNo se presta 001050718MOaGRbGRcCTd2011-02-21iLF1l0o335.83 M555ap21426-20r2020-06-25te.2w2020-06-25y1ZNo se presta c20926d20926